| LEADER |
01129nam0a2200217 450 |
| 001 |
16847795 |
| 010 |
|
|
|a 978-2-263-17515-2
|b br.
|d 6,9
|
| 100 |
|
|
|a 20210630d2021 u u0frey01 ba
|
| 101 |
0 |
|
|a fre
|
| 102 |
|
|
|a FR
|
| 200 |
0 |
|
|a Bien vivre ma ménopause
|f Dr Dominique Pierrat
|g illustrations Laure Dorin
|
| 207 |
|
1 |
|a
|
| 210 |
|
|
|a Paris
|b 8 rue Garancière.
|c Solar
|d 2021
|
| 215 |
|
|
|a 63 p.
|c illustrations en couleur
|d 22 x 18 cm
|
| 225 |
1 |
|
|a Les cahiers Dr Good
|
| 330 |
|
|
|a Des informations pour appréhender les bouleversements du corps avant, pendant et après la ménopause, et identifier les différentes étapes, de la préménopause à la ménopause confirmée. Le médecin fournit des conseils pour s'y préparer : alimentation ou encore exercices physiques. Il propose des méthodes alternatives pour soulager ces troubles : compléments alimentaires, huiles essentielles, etc.
|
| 700 |
|
0 |
|a Pierrat
|b Dominique
|4 70
|
| 702 |
|
0 |
|a Dorin
|b Laure
|4 440
|
| 900 |
|
|
|a Documentaire
|
| 901 |
|
|
|a Accessible au prêt
|
| 995 |
|
|
|a Bibliothèque
|c Bibliothèque
|f 00156012314621
|h 00156012314621
|k 618.17 MEN
|o p
|q a
|r az
|e Bibliothèque
|